[Event "GER-ch U18 Girls"]
[Site "Willingen"]
[Date "2023.05.29"]
[Round "3"]
[White "Kieckbusch, Lotta"]
[Black "Evering, Enna"]
[Result "1-0"]
[WhiteElo "1308"]
[BlackElo "1548"]
[PlyCount "115"]
[EventDate "2023.05.27"]
[EventType "swiss"]
[EventRounds "9"]
[EventCountry "GER"]
[SourceTitle "CBM 214 Extra"]
[Source "ChessBase"]
[SourceDate "2023.07.31"]
[SourceVersion "1"]
[SourceVersionDate "2023.07.31"]
[SourceQuality "1"]

1. e4 e5 2. Nf3 Nc6 3. d4 exd4 4. Bc4 Nf6 5. e5 d5 6. Bb5 Ne4 7. Nxd4 Bd7 8. Bxc6 bxc6 9. 0-0 Bc5 10. f3 Ng5 11. f4 Ne4 12. Be3 Bb6 13. Nd2 Nxd2 14. Qxd2 Qe7 15. Rae1 c5 16. Ne2 d4 17. Bf2 0-0-0 18. Qd3 Bc6 19. c3 Qd7 20. cxd4 cxd4 21. Rd1 Bb5 22. Qe4 Bc6 23. Qd3 Bb5 24. Qe4 Qd5 25. Qf5+ Qe6 26. Qe4 Qd5 27. Qf5+ Qe6 28. Qe4 Bxe2 29. Qxe2 Qxa2 30. Ra1 Qd5 31. Qa6+ Qb7 32. Qc4 c5 33. b4 Qd5 34. Qxd5 Rxd5 35. bxc5 Bxc5 36. Rfc1 Kb8 37. Ra5 Rc8 38. Rb5+ Ka8 39. Kf1 a6 40. Ra5 Ka7 41. Raxc5 Rcxc5 42. Rxc5 Rxc5 43. Bxd4 Kb6 44. Ke2 Kc6 45. Bxc5 Kxc5 46. Kd2 Kd5 47. Kd3 f6 48. exf6 gxf6 49. g4 a5 50. h4 a4 51. g5 Ke6 52. h5 Kf5 53. g6 hxg6 54. h6 Kxf4 55. h7 g5 56. h8Q f5 57. Qd4+ Kf3 58. Qe3+ 1-0

[Event "GER-ch U18 Girls"]
[Site "Willingen"]
[Date "2022.06.11"]
[Round "9"]
[White "Albayrak, Nese Pinar"]
[Black "Kieckbusch, Lotta"]
[Result "1/2-1/2"]
[WhiteElo "1683"]
[BlackElo "1207"]
[PlyCount "101"]
[EventDate "2022.06.04"]
[EventType "swiss"]
[EventRounds "9"]
[EventCountry "GER"]
[SourceTitle "CBM 208 Extra"]
[Source "ChessBase"]
[SourceDate "2022.07.31"]
[SourceVersion "1"]
[SourceVersionDate "2022.07.31"]
[SourceQuality "1"]

1. e4 e5 2. Nf3 Nf6 3. Nxe5 Nc6 4. Nxc6 dxc6 5. e5 Nd7 6. d4 c5 7. Bf4 cxd4 8. Qxd4 Bc5 9. Qd1 Qe7 10. Qe2 0-0 11. Nd2 Bd4 12. c3 Bxe5 13. Nf3 Re8 14. Nxe5 Nxe5 15. 0-0-0 Bf5 16. Rd5 Nd3+ 17. Rxd3 Qxe2 18. Bxe2 Rxe2 19. Rd2 Rxd2 20. Kxd2 c6 21. Bc7 Rc8 22. Re1 Be6 23. Bf4 Rd8+ 24. Kc2 Kf8 25. b3 b5 26. Be3 a6 27. Bd4 g6 28. Rd1 Ke8 29. Ra1 Ra8 30. a4 Bd5 31. g3 Kd7 32. axb5 cxb5 33. Bc5 Kc6 34. b4 Be6 35. h4 h5 36. Kd2 Kb7 37. Be7 Re8 38. Bc5 Bg4 39. Be3 Re6 40. Re1 Re8 41. Rf1 Bh3 42. Rg1 Bg4 43. Kd3 Re6 44. Rc1 Rd6+ 45. Bd4 Re6 46. Be3 Rd6+ 47. Kc2 Bf3 48. Re1 Re6 49. Kd2 Bd5 50. Rd1 Bf3 51. Re1 1/2-1/2

[Event "GER-chT Lands U20"]
[Site "Hannover"]
[Date "2017.10.01"]
[Round "2.8"]
[White "Schubert, Nikita"]
[Black "Kieckbusch, Lotta"]
[Result "1-0"]
[WhiteElo "1727"]
[BlackElo "1201"]
[PlyCount "147"]
[EventDate "2017.09.29"]
[EventType "team-swiss"]
[EventRounds "7"]
[EventCountry "GER"]
[SourceTitle "EXT 2018"]
[Source "ChessBase"]
[SourceDate "2017.10.13"]
[SourceVersion "1"]
[SourceVersionDate "2017.10.13"]
[SourceQuality "1"]
[WhiteTeam "Thueringen U20"]
[BlackTeam "Hamburg U20"]
[WhiteTeamCountry "GER"]
[BlackTeamCountry "GER"]

1. e4 c6 2. d4 d5 3. exd5 cxd5 4. Bd3 Nc6 5. c3 Nf6 6. Bf4 Bg4 7. Ne2 e6 8. 0-0 Be7 9. f3 Bh5 10. Bg3 Qb6 11. Qb3 Bd8 12. Nf4 0-0 13. Nxh5 Nxh5 14. Qc2 f5 15. Bf2 Nf4 16. Rd1 Rf6 17. Bf1 Rc8 18. Qd2 Bc7 19. Na3 Rcf8 20. Nc2 Rh6 21. Be3 Rh4 22. g3 Nh3+ 23. Bxh3 Rxh3 24. Kg2 Rh5 25. Ne1 Rf6 26. Nd3 Bd6 27. Bg5 Rg6 28. Bf4 Qc7 29. Bxd6 Qxd6 30. Nf4 Rhh6 31. Nxg6 Rxg6 32. Re1 h5 33. Qf2 f4 34. Rh1 fxg3 35. hxg3 Rg5 36. Rae1 Ne7 37. Rh3 Ng6 38. Kh1 Kf7 39. f4 Rf5 40. Qe2 a6 41. Rxh5 Rf6 42. Rf1 Ne7 43. Qd3 Nf5 44. g4 Ne7 45. f5 Qd7 46. fxe6+ Qxe6 47. Rxf6+ gxf6 48. Qf3 Qe1+ 49. Kg2 Qd2+ 50. Qf2 Qd3 51. Rh1 Qe4+ 52. Qf3 Qc2+ 53. Kg3 Qg6 54. Re1 Nc6 55. Qxd5+ Kg7 56. Qd7+ Qf7 57. Qxf7+ Kxf7 58. d5 Nd8 59. d6 b5 60. d7 a5 61. Re8 Nc6 62. d8Q Nxd8 63. Rxd8 Ke7 64. Ra8 a4 65. Ra6 Kf7 66. Kf4 Kg6 67. g5 Kg7 68. gxf6+ Kf7 69. Kf5 Ke8 70. Ke6 Kd8 71. Ra7 Kc8 72. f7 Kb8 73. Re7 Kc8 74. f8Q# 1-0

[Event "GER-chT Lands U20"]
[Site "Hannover"]
[Date "2016.10.02"]
[Round "3.8"]
[White "Kieckbusch, Lotta"]
[Black "Peglau, Mirjam"]
[Result "0-1"]
[WhiteElo "1066"]
[BlackElo "1474"]
[PlyCount "64"]
[EventDate "2016.10.01"]
[EventType "team-swiss"]
[EventRounds "7"]
[EventCountry "GER"]
[SourceTitle "CBM 174 Extra"]
[Source "ChessBase"]
[SourceDate "2016.10.10"]
[SourceVersion "1"]
[SourceVersionDate "2016.10.10"]
[SourceQuality "1"]
[WhiteTeam "Hamburg"]
[BlackTeam "Sachsen"]
[WhiteTeamCountry "GER"]
[BlackTeamCountry "GER"]

1. e4 e6 2. d4 d5 3. Nd2 Nf6 4. e5 Nfd7 5. Ngf3 c5 6. c3 Nc6 7. Bb5 Qb6 8. Bxc6 bxc6 9. Nb3 cxd4 10. cxd4 Ba6 11. Ng1 c5 12. Ne2 Bxe2 13. Qxe2 cxd4 14. 0-0 a5 15. Rd1 Bc5 16. Qg4 g6 17. Qf4 Rg8 18. Nxd4 g5 19. Qe3 Nb8 20. Qc3 Nc6 21. Nxc6 Bxf2+ 22. Kf1 Rc8 23. Qd2 Bg1 24. Nxa5 Bxh2 25. Re1 Qg1+ 26. Ke2 Qxg2+ 27. Kd1 Qg4+ 28. Re2 Bxe5 29. Qe3 Bf4 30. Qf2 d4 31. Ke1 Bg3 32. Qxg3 Qxg3+ 0-1

[Event "GER-ch U12 Girls"]
[Site "Willingen"]
[Date "2016.05.21"]
[Round "11"]
[White "Kieckbusch, Lotta"]
[Black "Wittich, Carlotta"]
[Result "1/2-1/2"]
[WhiteElo "993"]
[BlackElo "952"]
[PlyCount "49"]
[EventDate "2016.05.15"]
[EventType "swiss"]
[EventRounds "11"]
[EventCountry "GER"]
[SourceTitle "CBM 172 Extra"]
[Source "ChessBase"]
[SourceDate "2016.06.21"]
[SourceVersion "1"]
[SourceVersionDate "2016.06.21"]
[SourceQuality "1"]

1. e4 e5 2. Nf3 Nc6 3. Bc4 Nf6 4. d4 exd4 5. 0-0 Nxe4 6. Re1 d5 7. Bxd5 Qxd5 8. Nc3 Qh5 9. Nxe4 Be6 10. Bg5 Bd6 11. Nxd6+ cxd6 12. Bf4 Qd5 13. c3 Rc8 14. Nxd4 Nxd4 15. Qxd4 Qxd4 16. cxd4 Kd7 17. a3 g6 18. Rac1 a6 19. Rxc8 Rxc8 20. Rc1 Rxc1+ 21. Bxc1 f5 22. g3 Kc6 23. Bd2 Kd5 24. Bc3 b5 25. Kg2 1/2-1/2

[Event "GER-ch U12 Girls"]
[Site "Willingen"]
[Date "2016.05.17"]
[Round "5"]
[White "Rudolph, Eva"]
[Black "Kieckbusch, Lotta"]
[Result "1-0"]
[WhiteElo "1517"]
[BlackElo "993"]
[PlyCount "72"]
[EventDate "2016.05.15"]
[EventType "swiss"]
[EventRounds "11"]
[EventCountry "GER"]
[SourceTitle "CBM 172 Extra"]
[Source "ChessBase"]
[SourceDate "2016.06.21"]
[SourceVersion "1"]
[SourceVersionDate "2016.06.21"]
[SourceQuality "1"]

1. e4 c6 2. Nf3 d5 3. exd5 cxd5 4. Ne5 g6 5. d4 Bg7 6. c3 Nd7 7. Bb5 a6 8. Bxd7+ Bxd7 9. Bf4 f6 10. Nd3 Nh6 11. Qe2 0-0 12. 0-0 Nf5 13. Nd2 Bb5 14. a4 Bxd3 15. Qxd3 e5 16. Be3 Qd7 17. f3 Rfe8 18. Bf2 Qc6 19. Rfe1 Re7 20. Re2 Rae8 21. Rae1 Qxa4 22. dxe5 fxe5 23. Qxd5+ Kh8 24. Nc4 Qb3 25. Qc5 Qb5 26. Qxb5 axb5 27. Nd2 Rd7 28. Ne4 Nd6 29. Rd2 Red8 30. Red1 Bf8 31. Bb6 Nc4 32. Rxd7 Rxd7 33. Rxd7 Nxb6 34. Rxb7 Bh6 35. Nf6 Bg7 36. Rxb6 Bh6 1-0

[Event "GER-ch U12 Girls"]
[Site "Willingen"]
[Date "2016.05.15"]
[Round "2"]
[White "Kieckbusch, Lotta"]
[Black "Khamenya, Vitalia"]
[Result "0-1"]
[WhiteElo "993"]
[BlackElo "1432"]
[PlyCount "88"]
[EventDate "2016.05.15"]
[EventType "swiss"]
[EventRounds "11"]
[EventCountry "GER"]
[SourceTitle "CBM 172 Extra"]
[Source "ChessBase"]
[SourceDate "2016.06.21"]
[SourceVersion "1"]
[SourceVersionDate "2016.06.21"]
[SourceQuality "1"]

1. e4 d5 2. exd5 Qxd5 3. d3 g6 4. Nf3 Bg4 5. Be2 Bg7 6. Nc3 Qd6 7. h3 Bd7 8. 0-0 Nf6 9. Be3 c6 10. Ne4 Nxe4 11. dxe4 Qxd1 12. Raxd1 Bxb2 13. Rd2 Bc3 14. Rd3 Ba5 15. Rfd1 Be6 16. a3 Bc4 17. Rd4 Bxe2 18. Rb1 Bc3 19. Ra4 b5 20. Rxa7 Rxa7 21. Bxa7 0-0 22. Nh2 Nd7 23. Rb3 Bg7 24. Ng4 Ra8 25. Be3 Bc4 26. Rb1 Rxa3 27. Rd1 Be6 28. Bg5 f6 29. Be3 h5 30. Nh2 Kf7 31. Nf3 Nb8 32. Bf4 Na6 33. Nd4 Bc8 34. Nxc6 Rc3 35. Nd4 b4 36. Bd2 Rc4 37. Be3 e5 38. Nb5 Rxc2 39. Nd6+ Ke6 40. Nb5 Bf8 41. Rd5 b3 42. Rd1 b2 43. Na3 Bxa3 44. Rb1 Bc5 0-1

[Event "GER-chT Lands U20"]
[Site "Hannover"]
[Date "2015.10.03"]
[Round "1.8"]
[White "Kalina, Lena"]
[Black "Kieckbusch, Lotta"]
[Result "1-0"]
[WhiteElo "1086"]
[BlackElo "993"]
[PlyCount "73"]
[EventDate "2015.10.03"]
[EventType "team-swiss"]
[EventRounds "7"]
[EventCountry "GER"]
[SourceTitle "CBM 168 Extra"]
[Source "ChessBase"]
[SourceDate "2015.10.29"]
[SourceVersion "1"]
[SourceVersionDate "2015.10.29"]
[SourceQuality "1"]
[WhiteTeam "Rheinland Pfalz (U20)"]
[BlackTeam "Hamburg (U20)"]
[WhiteTeamCountry "GER"]
[BlackTeamCountry "GER"]

1. e4 c6 2. Nc3 d5 3. Nf3 Bg4 4. h3 Bh5 5. d3 d4 6. g4 dxc3 7. gxh5 cxb2 8. Bxb2 Nf6 9. Nd2 Qc7 10. Qf3 Nbd7 11. Rg1 0-0-0 12. Qg3 Qxg3 13. Rxg3 Nxh5 14. Rf3 Nhf6 15. Rb1 e5 16. h4 Bb4 17. c3 Bd6 18. d4 Rde8 19. Re3 Kb8 20. f3 Ka8 21. Nc4 Bc7 22. Ba3 b5 23. Bd6 Bxd6 24. Nxd6 Re7 25. d5 cxd5 26. Bxb5 Nc5 27. Bc6+ Nb7 28. Nxb7 Rb8 29. Na5+ Reb7 30. Nxb7 Rxb7 31. Rxb7 a6 32. Rb1+ Ka7 33. exd5 a5 34. c4 h6 35. Reb3 Ka6 36. Rb8 Ka7 37. Ra8# 1-0